Najzamestnávateľom 2021 je Tesco

Anketa zameraná na najlepšie hodnotené spoločnosti z hľadiska trhu práce. Víťazom roku 2021 sa stalo Tesco. O umiestnenie na najvyššej priečke rozhodol najmä dobrý kolektív. Kľúčová súčasť danej súťaže sú práve uchádzači, ktorí rozhodujú o celkových výsledkoch.

Salvato in:
Dettagli Bibliografici
Autore principale: Alenová, Gabriela
Natura: Capitolo di libro
Lingua:slovacco
Soggetti:
Tags: Aggiungi Tag
Nessun Tag, puoi essere il primo ad aggiungerne!!

MARC

LEADER 00000naa a2200000 4500
001 0283331
005 20240417075202.7
041 0 |a slo 
044 |a SK 
245 1 0 |a Najzamestnávateľom 2021 je Tesco  |c Gabriela Alenová 
520 |a Anketa zameraná na najlepšie hodnotené spoločnosti z hľadiska trhu práce. Víťazom roku 2021 sa stalo Tesco. O umiestnenie na najvyššej priečke rozhodol najmä dobrý kolektív. Kľúčová súčasť danej súťaže sú práve uchádzači, ktorí rozhodujú o celkových výsledkoch. 
610 2 0 |a zamestnávatelia 
610 2 0 |a kolektív pracovný 
610 2 0 |a ankety 
610 2 0 |a zdroje ľudské 
610 2 0 |a trh práce 
610 2 0 |a reťazce obchodné 
100 1 |a Alenová, Gabriela